ბათუმის შოთა რუსთაველის სახელმწიფო უნივერსიტეტის ბიბლიოთეკა

Строительные конструкции. (ბიბ.ჩანაწერი № 50726)

000 -LEADER
fixed length control field 00687nam a2200205Ia 4500
001 - CONTROL NUMBER
control field 17678
003 - CONTROL NUMBER IDENTIFIER
control field GE_BSU
008 - FIXED-LENGTH DATA ELEMENTS--GENERAL INFORMATION
fixed length control field 181216s||||||||xx |||||||||||||| ||und||
040 ## - CATALOGING SOURCE
Transcribing agency GE_BSU
080 ## - UNIVERSAL DECIMAL CLASSIFICATION NUMBER
Universal Decimal Classification number 625.01(075.32)
100 ## - MAIN ENTRY--PERSONAL NAME
Personal name Бородич,М.К. Добродеев,А.Н. Зубарев,Г.Н. и др.
245 ## - TITLE STATEMENT
Title Строительные конструкции.
245 ## - TITLE STATEMENT
Statement of responsibility, etc. Под общей ред. И.А.Симвулиди, научный ред. А.Н.Волгушев.
260 ## - PUBLICATION, DISTRIBUTION, ETC.
Place of publication, distribution, etc. М.
260 ## - PUBLICATION, DISTRIBUTION, ETC.
Name of publisher, distributor, etc. Стройиздат.
260 ## - PUBLICATION, DISTRIBUTION, ETC.
Date of publication, distribution, etc. 1971.
300 ## - PHYSICAL DESCRIPTION
Extent 439 стр. с илл. 26 см.
653 ## - INDEX TERM--UNCONTROLLED
Uncontrolled term Строительные конструкции.
942 ## - ADDED ENTRY ELEMENTS (KOHA)
Koha item type წიგნი
ეგზემპლარები
Withdrawn status Lost status Damaged status Not for loan Date acquired Barcode Date last seen Price effective from Koha item type
        2018-12-17 10015 2018-12-17 2018-12-17 წიგნი
        2018-12-17 10016 2018-12-17 2018-12-17 წიგნი
        2018-12-17 10017 2018-12-17 2018-12-17 წიგნი